000 00706nam a2200265Ia 4500
005 20260121165958.0
008 008 260114s9999 xx 000 0 eng d
020 _a9783319387598
037 _aEBOOK
040 _aCRL
040 _beng
040 _cCRL
041 _2eng
041 _aeng
084 _qCRL
100 _aL. Andries van der Ark, Daniel M. Bolt, Wen-Chung Wang, Jeffrey A. Douglas, Marie Wiberg
_91058335
245 0 _aQuantitative Psychology Research
260 _bSpringer
260 _bSpringer
260 _c2016
856 _uhttps://link.springer.com/openurl?genre=book&isbn=978-3-319-38759-8
942 _cEBOOK
999 _c1624064
_d1624064